MYLES TB FOR MIDWIVES (Record no. 21960)
[ view plain ]
| 000 -LEADER | |
|---|---|
| fixed length control field | 00348nam a22001577a 4500 |
| 003 - CONTROL NUMBER IDENTIFIER | |
| control field | SGT |
| 020 ## - INTERNATIONAL STANDARD BOOK NUMBER | |
| International Standard Book Number | 9780702076435 |
| 082 ## - DEWEY DECIMAL CLASSIFICATION NUMBER | |
| Classification number | 610.7367 |
| Item number | M20M |
| 100 ## - MAIN ENTRY--PERSONAL NAME | |
| Personal name | MARSHALL, JAYNA |
| 245 ## - TITLE STATEMENT | |
| Title | MYLES TB FOR MIDWIVES |
| 250 ## - EDITION STATEMENT | |
| Edition statement | 7TH |
| 260 ## - PUBLICATION, DISTRIBUTION, ETC. (IMPRINT) | |
| Place of publication, distribution, etc | INDIA |
| Name of publisher, distributor, etc | ELSEVIER PUB |
| Year of Publication | 2020 |
| 300 ## - PAGE DESCRIPTION | |
| No. of Pages | 1016 |
| 650 ## - SUBJECT ADDED ENTRY--TOPICAL TERM | |
| Topical term or geographic name as entry element | MIDWIFERY NURSING |
| 942 ## - ADDED ENTRY ELEMENTS (KOHA) | |
| Source of classification or shelving scheme | Dewey Decimal Classification |
| Koha item type | Books |
| 942 ## - ADDED ENTRY ELEMENTS (KOHA) | |
| -- | 1 |
| Withdrawn status | Lost status | Source of classification or shelving scheme | Damaged status | Not for loan | Collection code | Home library | Current library | Shelving location | Date acquired | Vendor Name | Cost, normal purchase price | SGTU | Bill Number | Total Checkouts | Full call number | Accession No. (Barcode) | Date last seen | Bill Date | Koha item type | Date last borrowed |
|---|---|---|---|---|---|---|---|---|---|---|---|---|---|---|---|---|---|---|---|---|
| Dewey Decimal Classification | NURSING | SGT Medical Library | SGT Medical Library | Text Book | 12/10/2021 | ABC DELHI | 1450.00 | SGTU | 13309 | 610.7367 M20M | FN4566 | 12/10/2021 | Books | |||||||
| Dewey Decimal Classification | NURSING | SGT Medical Library | SGT Medical Library | Text Book | 12/10/2021 | ABC DELHI | 1450.00 | SGTU | 13309 | 1 | 610.7367 M20M | FN4567 | 12/06/2024 | Books | 06/06/2024 | |||||
| Dewey Decimal Classification | NURSING | SGT Medical Library | SGT Medical Library | Text Book | 12/10/2021 | ABC DELHI | 1450.00 | SGTU | 13309 | 610.7367 M20M | FN4568 | 12/10/2021 | Books | |||||||
| Dewey Decimal Classification | NURSING | SGT Medical Library | SGT Medical Library | Text Book | 12/10/2021 | ABC DELHI | 1450.00 | SGTU | 13309 | 610.7367 M20M | FN4569 | 12/10/2021 | Books | |||||||
| Dewey Decimal Classification | NURSING | SGT Medical Library | SGT Medical Library | Text Book | 12/10/2021 | ABC DELHI | 1450.00 | SGTU | 13309 | 610.7367 M20M | FN4570 | 12/10/2021 | Books |